000 00654nam a2200253Ia 4500
005 20250425162840.0
008 250425s9999 xx 000 0 und d
020 _a9781547118779
041 _aeng
082 _a550
_pCOM
100 _aCompton, Robert
245 0 _aGeology in the field
_cRobert R., Compton
260 _aCape town
_bEarthspun
_c2016
300 _a398
_bIlustración
_c24 cm.
500 _aIncluye índice
650 _aCiencias de la Tierra
650 _aEnergia
650 _aGeología
650 _aMedio ambiente
700 _aCompton, R. Robert
902 _aMonográfico
_cImpreso
942 _c01
010 _a113577
999 _c237668
_d237668